| 000 | 00572nam a2200217 a 4500 | ||
|---|---|---|---|
| 005 | 20210219152937.0 | ||
| 008 | 991125n 000 0 u | ||
| 035 | _aUPN01000068062 | ||
| 222 | _aROSAS INFANTILES | ||
| 245 | _aComisión de trabajo para la reforma educativa en el INBAL | ||
| 300 | _a32 | ||
| 362 | _a1973 No. 7, jun. | ||
| 653 | 0 | _aAPRENDIZAJE | |
| 653 | 0 | _aHISTORIA | |
| 653 | 0 | _aINBA | |
| 653 | 0 | _aOBJETIVOS EDUCATIVOS | |
| 653 | 0 | _aPROCESO ENSEÑANZA-APRENDIZAJE | |
| 653 | 0 | _aREFORMA EDUCATIVA | |
| 904 |
_aAC _b005873 |
||
| 905 | _aArticulo | ||
| 999 |
_c64325 _d64325 |
||